| 000 | 02024nam0a2200361 4500 | ||
|---|---|---|---|
| 001 | RU\NLR\bibl\1519579 | ||
| 005 | 20260405220703.0 | ||
| 010 |
_a978-5-9973-0714-1 _9100 |
||
| 021 |
_aRU _b2010-32274 _92162 |
||
| 035 | _a(nilc)RSL-KNO-004637879 | ||
| 035 | _a(NLR Aleph) 001510948 | ||
| 090 |
_a80127 _c80127 |
||
| 100 | _a20100511d2010 |||y0rusy50 ca | ||
| 101 | 0 | _arus | |
| 102 | _aRU | ||
| 105 | _aa ||||||||| | ||
| 200 | 1 |
_aТехнический аудит инженерных сетей и систем в условиях саморегулирования строительства _eучебное пособие _fЕ.Р. Чернова _gМ-во рег. развития Рос. Федерации, ГОУ ДПО Гос. повышения квалификации и переподгот. кадров для стр-ва коммун. комплекса России, Каф. правового регулирования градостроит. деятельности, Общерос. обществ. фонд "Центр качества стр-ва", Моск. отд-ние |
|
| 210 |
_aМосква _cСпутник+ _d2010 |
||
| 215 |
_a251 с. _cил. _d22 |
||
| 225 | 1 |
_aСерия "Технический аудит" _iТепловые сети и системы _vвып. 1 |
|
| 300 | _aНа 2-й с. авт.: к.э.н., Е.Р. Чернова | ||
| 320 | _aБиблиогр. в конце гл. | ||
| 606 | 1 |
_aТеплофикационные системы _jУчебные издания _xТехническая диагностика _92618455 _3RU\NLR\auth\661555015 |
|
| 686 |
_aЗ385-082-7я73-1 _2rubbk |
||
| 686 | _aЗ385-082.051я7 | ||
| 686 | _aХ621.175я7 | ||
| 700 | 1 |
_4070 _8rus _7ca _aЧернова _bЕ. Р. _cканд. экон. наук _gЕкатерина Рудольфовна _3RU\NLR\auth\7799080 _982006 |
|
| 801 | 0 |
_aRU _bРГБ _c20100511 _grcr |
|
| 801 | 1 |
_aRU _bРГБ _c20100511 |
|
| 801 | 2 |
_aRU _bNLR _c20100604 _grcr |
|
| 942 | _cBOOK | ||
| 980 | _aNB | ||